Redressement et liquidation judiciaires des entreprises: cinq années dïapplication de la loi du 25 janvier 1985
Salvato in:
| Autori principali: | , , |
|---|---|
| Natura: | Libro |
| Lingua: | francese |
| Pubblicazione: |
París
Dalloz
1991
|
| Edizione: | 3a. ed |
| Soggetti: | |
| Tags: |
Aggiungi Tag
Nessun Tag, puoi essere il primo ad aggiungerne!!
|
MARC
| LEADER | 00000nam a2200000 a 4500 | ||
|---|---|---|---|
| 001 | UCI8610 | ||
| 003 | CL-VaPUC | ||
| 008 | 080911e19910000FR |||||||||||||||||fre|d | ||
| 020 | |a 2247011543 | ||
| 082 | 0 | 4 | |a 346.440662 |b DER |2 21 |
| 100 | 0 | |a Derrida, Fernand |e author |9 532124 | |
| 700 | 0 | |a Godé, Pierre |e author |9 532125 | |
| 700 | 0 | |a Sortais, Jean Pierre |e author |9 532126 | |
| 245 | 1 | 0 | |a Redressement et liquidation judiciaires des entreprises: cinq années dïapplication de la loi du 25 janvier 1985 |
| 250 | |a 3a. ed | ||
| 300 | |a 675 p | ||
| 942 | |c BK | ||
| 945 | |d 20080911 00:00:00 |a jtorresc | ||
| 260 | |a París |b Dalloz |c 1991 | ||
| 650 | 7 | |a LIQUIDACION DE EMPRESAS |2 CL-VaPUC |9 408256 | |
| 650 | 0 | |a Ventas de empresas |9 408255 | |
| 650 | 7 | |a PODER ECONOMICO |2 CL-VaPUC |9 338221 | |
| 650 | 0 | |a Quiebra |9 255386 | |
| 650 | 0 | |a Derecho y legislación |9 255077 | |
| 650 | 7 | |a BANCA DE INVERSION |2 CL-VaPUC |9 532127 | |
| 651 | 0 | |a Francia |9 255157 | |
| 583 | |a last modification |c 20080911 00:00:00 |k Rodrigo Vera | ||
| 999 | |c 331426 |d 331424 | ||
| 952 | |0 0 |1 0 |4 0 |6 346_440662000000000_DER_1991 |7 0 |8 A |9 418082 |a BIBDER |b BIBDER |d 2019-11-22 |i 4481739 |o 346.440662 DER 1991 |p 4481739 |r 2023-01-25 |w 2019-11-22 |y BK |k DER | ||